Ο Μικρός Πρίγκιπας του Antoine de Saint-Exupery ως διακείμενο σε βιβλία της λογοτεχνίας για νέους : διπλωματική εργασία [πτυχιακή εργασία]

Αποθηκεύτηκε σε:
Λεπτομέρειες βιβλιογραφικής εγγραφής
Κύριος συγγραφέας: Τσιγάλογλου, Στεφανία Δ.
Συγγραφή απο Οργανισμό/Αρχή: Πανεπιστήμιο Αιγαίου. Σχολή Ανθρωπιστικών Επιστημών. Τμήμα Επιστημών της Προσχολικής Αγωγής και του Εκπαιδευτικού Σχεδιασμού
Άλλοι συγγραφείς: Παπαδάτος, Γιάννης Σ. (Εισηγητής διατριβής)
Μορφή: Thesis Βιβλίο
Γλώσσα:Greek
Δημοσίευση: 2011
Θέματα:
Διαθέσιμο Online:http://hdl.handle.net/11610/7473
Ετικέτες: Προσθήκη ετικέτας
Δεν υπάρχουν, Καταχωρήστε ετικέτα πρώτοι!

MARC

LEADER 00000cam a2200000 i 4500
001 1/25361
008 130204s2011 gre d
035 |l 10113629 
040 |a GR-MY-UA  |b gre  |e aacr 
041 0 |a gre 
082 0 |a 808.068   |2 (22) 
100 1 |a Τσιγάλογλου, Στεφανία Δ. 
245 1 2 |a Ο Μικρός Πρίγκιπας του Antoine de Saint-Exupery ως διακείμενο σε βιβλία της λογοτεχνίας για νέους :   |b διπλωματική εργασία [πτυχιακή εργασία] /   |c Τσιγάλογλου Στεφανία ; επιβλέπων: Παπαδάτος Ιωάννης. 
260 |c 2011 
300 |a 38 σ. ;   |c 30 εκ. 
500 |a Μέλη εξεταστικής επιτροπής: Αναγνωστοπούλου Διαμάντη, Παπαδόπουλος Ιωάννης. 
502 |a Πτυχιακή εργασία - Πανεπιστήμιο Αιγαίου, Ρόδος, 2011. 
504 |a Βιβλιογραφία: σ. 36-38. 
600 1 0 |a Saint-Exupery, Antoine de,   |d 1900-1944. 
650 0 0 |a Children's literature  |x History and criticism. 
650 0 0 |a Dissertations, Academic  |z Greece. 
700 1 |a Παπαδάτος, Γιάννης Σ.  |4 ths 
710 2 |a Πανεπιστήμιο Αιγαίου.   |b Σχολή Ανθρωπιστικών Επιστημών.   |b Τμήμα Επιστημών της Προσχολικής Αγωγής και του Εκπαιδευτικού Σχεδιασμού. 
852 |a INST  |b RHODES  |c DIATR  |e 20130204  |h 808.068 ΤΣΙ  |p 005400034878  |q 005400034878  |t DIE  |y 23 
852 |a INST  |b RHODES  |c DIATR  |e 20130204  |h 808.068 ΤΣΙ  |p 005400034879  |q 005400034879  |t DIE  |y 23 
856 |u http://hdl.handle.net/11610/7473 
901 |a BIBL4-2013-1 
909 |a Ρ  |b 176419 
909 |a Ρ  |b 176420 
924 |a ΤΣΙΓΑΛΟΓΛΟΥ  |b ΣΤΕΦΑΝΙΑ  |y ΡΟΔΟΣ  |z 2011 
970 |z 2013/02/04